[Event "ITA-ch Women 2017"]
[Site "Cosenza"]
[Date "2017.12.04"]
[Round "2"]
[White "Zimina, Olga"]
[Black "Palma, Maria"]
[Result "1-0"]
[WhiteElo "2415"]
[BlackElo "2019"]
[Annotator "TA"]
[PlyCount "79"]
[EventDate "2017.??.??"]
[EventType "tourn"]
[EventCountry "ITA"]
[SourceTitle "playchess.com"]
[Source "ChessBase"]
[SourceQuality "1"]

{[%evp 20,79,80,53,56,43,46,47,60,26,70,29,31,32,43,31,41,23,63,79,63,47,129,83,95,43,113,127,118,115,114,122,114,106,230,179,348,314,419,253,287,223,380,272,552,491,504,485,462,462,607,598,602,602,622,555,531,513,935,918,1867,1865]} 1. Nf3 Nf6 2. c4 c5 3. Nc3 d5 4. cxd5 Nxd5 5. e3 Nc6 6. Bb5 Nxc3 7. bxc3 Bd7 8. d4 cxd4 9. exd4 e6 10. O-O Be7 {B10: Caro-Kann-Verteidigung} 11. Bd3 {LiveBook: 5 Partien} (11. Re1 O-O 12. Rb1 Bf6 13. Bd3 b6 14. Ne5 Nxe5 15. dxe5 Be7 16. Bh6 f5 17. exf6 Bxf6 18. Qg4 Qe7 19. Rbd1 Rad8 {½-½ (50) Karpatchev,A (2475)-Pezerovic,E (2423) Bad Woerishofen 2016}) 11... Rc8 12. Qe2 a6 {Weiß steht etwas besser.} 13. Re1 O-O $146 ({Vorgänger:} 13... b5 14. a4 bxa4 15. Bxa6 Ra8 16. d5 exd5 17. Bb5 Kf8 18. Bxc6 Bxc6 {1-0 (39) Pitra,A (2283)-Erdene,G (2330) Zuerich 2010}) 14. h4 h6 15. Bd2 Bd6 16. c4 {[%cal Bc3c4,Bc4c5][%mdl 32]} Re8 17. c5 Bc7 18. Rab1 Rb8 19. Bc2 $36 {[%mdl 2048] Schwarz muss aufpassen.} Ne7 20. Qd3 f5 (20... Ng6 $1 $14) 21. Qb3 Kh8 22. h5 (22. Rxe6 $16 {Und weiter mit Te3 wäre nett.} Bxe6 23. Qxe6) 22... Bc8 (22... Ng8 $14) 23. Rxe6 $16 Bxe6 24. Qxe6 Qd5 25. Qxd5 Nxd5 26. Bxf5 Nf4 (26... b6 $16) 27. Kf1 Rf8 $2 {[#]} (27... Nd5 28. Bg6 Re7) 28. Nh4 Kg8 29. g4 Rfe8 30. Rb3 Ne6 $2 (30... Nd5 {kämpft weiter.} 31. Ng6 a5) 31. Be3 a5 $2 {[#]} (31... Nf4 32. Bxf4 Bxf4) 32. d5 $18 {Weiß steht klar auf Gewinn.} a4 33. Rb4 Nf8 34. Rxa4 Bd8 35. Nf3 Bf6 36. Rb4 Red8 37. d6 Nd7 38. Be4 Ra8 (38... Nxc5 $142 39. Bxc5 b6 40. Bd5+ Kh7) 39. Bxb7 Rxa2 40. Bd5+ {Precision: Weiß = 71%, Schwarz = 27%.} 1-0

[Event "ITA-ch Women 2017"]
[Site "Cosenza"]
[Date "2017.12.04"]
[Round "2"]
[White "Sedina, Elena"]
[Black "Movileanu, Daniela"]
[Result "1/2-1/2"]
[WhiteElo "2312"]
[BlackElo "2191"]
[Annotator "TA"]
[PlyCount "72"]
[EventDate "2017.??.??"]
[EventType "tourn"]
[EventCountry "ITA"]
[SourceTitle "playchess.com"]
[Source "ChessBase"]
[SourceQuality "1"]

{[%evp 10,72,70,35,103,107,99,101,197,188,237,120,105,108,108,70,75,66,55,55,62,46,46,56,48,48,48,54,52,44,60,59,57,50,51,49,48,48,90,19,19,20,49,58,52,43,79,86,205,22,16,0,0,0,0,-31,0,0,0,0,0,0,0,0,0]} 1. e4 {[%cal Be2e4,Be4e5][%mdl 32]} c5 2. Nf3 d6 3. d4 Nf6 4. Bb5+ Nbd7 5. e5 Qa5+ 6. Nc3 {LiveBook: 57 Games. B51: Sicilian: Moscow Variation (3 Bb5+) without 3...Bd7} cxd4 (6... Ne4 $14) (6... Ne4 7. Rb1 a6 8. Bxd7+ Bxd7 9. O-O Nxc3 10. bxc3 e6 11. d5 Qxa2 12. Rb3 exd5 13. exd6 Be6 14. d7+ Bxd7 {1-0 (22) Mastrovasilis,D (2580)-Volokitin,A (2649) Minsk 2017}) 7. Qxd4 $16 dxe5 8. Nxe5 {Bf4 is the strong threat.White is better.} e6 $146 (8... a6 $16 {was necessary.}) ({Predecessor:} 8... a6 9. Bxd7+ Nxd7 10. Nxd7 Bxd7 11. O-O e6 12. Rd1 Bc6 13. Qg4 {1-0 (55) Martinez Reyes,P (2266)-Nicolas Zapata,J (2134) Caleta 2014}) 9. Bg5 $18 Bb4 {[#] Hoping for ...Qxb5.} 10. Bxf6 ({White has to play} 10. Nc4 $1 $18 {[%cal Rc4a5]} Qc7 11. Bxf6 gxf6 12. O-O-O) 10... Bxc3+ $16 11. bxc3 ({Don't play} 11. Qxc3 $6 Qxc3+ 12. bxc3 gxf6 $11) 11... Qxb5 12. Bxg7 Rg8 13. O-O-O {Threatens to win with Bf6!} Qb6 $1 {[%cal Rb6d4] White must now prevent ...Qxd4.} 14. Nxd7 {Intending Nf6+ and mate.} Qxd4 15. Nf6+ {[#]} ({Of course not} 15. cxd4 Bxd7 16. Be5 Bc6 $11) 15... Qxf6 $1 {[%mdl 512]} 16. Bxf6 {[%csl Gf6][%cal Rd1d8]} Bd7 17. g3 Rg6 18. Bh4 Rc8 19. Rd3 Bc6 20. Re1 f5 21. f3 Kf7 22. c4 Ba4 23. Rd4 Rgg8 24. g4 (24. Re5 $16) 24... Rc5 $11 25. Rf4 Re8 26. Bf2 Ra5 27. c5 Bd7 28. gxf5 exf5 {[#]} (28... e5 $16 {might work better.} 29. Rb4 Bc6) 29. Rxe8 $2 ({White must play} 29. Rd1 $1 $18 {[%cal Rd1d7]} Bc8 30. Rh4) 29... Kxe8 $16 {[%mdl 4096] Endgame KRB-KRB} 30. Rh4 Rxa2 31. Rxh7 Bc6 32. Rh5 Bxf3 33. Rxf5 {The position is equal.} Rxc2+ 34. Kxc2 Be4+ 35. Kc3 {And now Re5+ would win.} Bxf5 36. h4 Kd7 {Precision: White = 51%, Black = 38%.} 1/2-1/2

[Event "ITA-ch Women 2017"]
[Site "Cosenza"]
[Date "2017.12.04"]
[Round "2"]
[White "Gueci, Tea"]
[Black "Brunello, Marina"]
[Result "0-1"]
[WhiteElo "2158"]
[BlackElo "2345"]
[Annotator "RC"]
[PlyCount "126"]
[EventDate "2017.??.??"]
[EventType "tourn"]
[EventCountry "ITA"]
[SourceTitle "playchess.com"]
[Source "ChessBase"]
[SourceQuality "1"]
[TimeControl "40/6000+30:20/3000+30:900+30"]

1. e4 c5 2. Nf3 d6 3. d4 cxd4 4. Nxd4 Nf6 5. Nc3 a6 6. f3 e5 7. Nb3 Be6 8. Be3 Be7 9. Qd2 O-O 10. O-O-O a5 11. a4 Nc6 12. g4 Nb4 13. Kb1 Nd7 14. Rg1 Nb6 15. Qf2 Nc4 16. Bxc4 Bxc4 17. Bb6 Qb8 18. Nxa5 Be6 19. Nd5 Nxd5 20. exd5 Bd7 21. b3 Rc8 22. Rge1 Ra6 23. Re4 Qa8 24. Nc4 f5 25. gxf5 Bxf5 26. a5 Bxe4 27. fxe4 Rf8 28. Qg2 Rf6 29. Qh3 Qe8 30. Ne3 Ra8 31. Nf5 Bd8 32. Rg1 Rg6 33. Rxg6 Qxg6 34. Qc3 Qf6 35. Qb4 g6 36. Nh6+ Kg7 37. Be3 Qe7 38. Bg5 Qxg5 39. Qxb7+ Kxh6 40. Qxa8 Kh5 41. b4 Qg1+ 42. Ka2 Bg5 43. Qc8 Qd4 44. Qh3+ Bh4 45. Qf3+ Kg5 46. Kb3 h5 47. a6 Qb6 48. Qd3 Bf2 49. Qc4 Kf4 50. Qc6 Kxe4 51. a7 Qxa7 52. Qxd6 Qd4 53. Qxg6+ Kxd5 54. Qf7+ Ke4 55. Qxh5 Ke3 56. Qh6+ Ke2 57. Qa6+ Kd2 58. Qh6+ Be3 59. Qc6 e4 60. c3 Qd3 61. b5 Bd4 62. b6 Qxc3+ 63. Qxc3+ Bxc3 0-1

[Event "ITA-ch Women 2017"]
[Site "Cosenza"]
[Date "2017.12.04"]
[Round "2"]
[White "Santeramo, Alessia"]
[Black "Di Benedetto, Desiree"]
[Result "0-1"]
[WhiteElo "2082"]
[BlackElo "2092"]
[Annotator "NA"]
[PlyCount "108"]
[EventDate "2017.??.??"]
[EventType "tourn"]
[EventCountry "ITA"]
[SourceTitle "playchess.com"]
[Source "ChessBase"]
[SourceQuality "1"]
[TimeControl "40/6000+30:20/3000+30:900+30"]

1. e4 c5 2. Nf3 e6 3. g3 Nc6 4. Bg2 Nf6 5. Qe2 {LiveBook: 587 Games} d6 6. c3 Be7 7. O-O O-O {C00: French: Unusual White 2nd moves} 8. d4 cxd4 9. cxd4 d5 10. e5 Ne4 11. Nc3 (11. Rd1 Bd7 12. Be3 Qe8 13. Ne1 f6 14. exf6 Bxf6 15. Nc3 {1-0 (83) Gharamian,T (2616)-Bauer,C (2650) Agen 2017}) 11... Nxc3 12. bxc3 Na5 13. h4 Bd7 14. Bg5 Rc8 15. Rfc1 $146 ({Predecessor:} 15. Rac1) 15... a6 16. Qc2 Nc4 17. Bf1 h6 18. Bxe7 Qxe7 19. Kg2 f5 20. a4 Be8 21. Bxc4 dxc4 22. Nd2 f4 23. Rf1 Bc6+ 24. Kh3 fxg3 25. fxg3 Rxf1 26. Rxf1 Rf8 27. Qc1 $2 (27. Rxf8+ $11 Qxf8 28. Qg6) 27... Bxa4 28. Ne4 Bc6 29. Nd6 Bd5 30. Rf4 Rxf4 31. gxf4 Qc7 32. Qa3 Qb6 33. Qa1 Qb3 34. Qc1 Qa2 35. Qg1 Qe2 36. Qg3 Qf1+ 37. Kg4 Qd1+ 38. Kh3 Bf3 39. Qf2 Bd5 $11 (39... Qd3 $19 40. Kh2 Qxc3 41. Nxc4 a5) 40. Ne8 Qd3+ 41. Qg3 Qxg3+ $2 (41... a5 $19 {is more deadly.} 42. Nd6 Qf1+ 43. Kg4 a4) 42. Kxg3 b5 43. Kf2 a5 44. Nc7 Bc6 45. Ke1 b4 46. cxb4 axb4 47. Nxe6 b3 48. Kd2 b2 49. Kc2 c3 50. Nc5 Bd5 51. Kb1 Bg2 52. Ka2 Bh3 53. Na4 Be6+ 54. Kb1 Bf5+ 0-1

[Event "ITA-ch Women 2017"]
[Site "Cosenza"]
[Date "2017.12.07"]
[Round "4"]
[White "Zimina, Olga"]
[Black "Sedina, Elena"]
[Result "1-0"]
[WhiteElo "2415"]
[BlackElo "2312"]
[Annotator "TA"]
[PlyCount "118"]
[EventDate "2017.??.??"]
[EventType "tourn"]
[EventCountry "ITA"]
[SourceTitle "playchess.com"]
[Source "ChessBase"]
[SourceQuality "1"]

{[%evp 20,118,0,-3,3,-46,-16,-14,21,8,8,20,12,-9,-17,-15,-13,-48,-39,-50,-54,-45,-6,-25,0,-6,45,39,43,52,45,47,47,45,43,32,35,14,23,16,19,4,14,0,0,0,110,110,110,111,111,111,122,116,145,135,159,107,152,152,143,130,125,133,240,202,235,201,394,317,385,312,627,633,626,622,606,607,570,559,605,560,748,747,728,699,689,652,29973,29974,29973,29945,29977,29977,29977,29977,29980,29981,29982,29979,29984]} 1. Nf3 d5 2. c4 d4 3. g3 Nc6 4. Bg2 e5 5. d3 Nf6 6. O-O a5 7. e3 {A09: Réti Opening: 1 Nf3 d5 2 c4} Bc5 8. exd4 Bxd4 9. Nxd4 Nxd4 10. h3 O-O 11. Nc3 {LiveBook: 3 Games} Re8 12. Kh2 Rb8 $146 ({Predecessor:} 12... h6 13. f4 exf4 14. Bxf4 Ra6 {1-0 (52) Bu,X (2707)-Ganguly,S (2615) Doha 2014}) 13. f4 Bd7 14. fxe5 Rxe5 15. Bf4 Re6 $1 16. Bg5 h6 17. Bxf6 Rxf6 18. Qh5 Rf5 19. Rxf5 Bxf5 20. Rf1 Qd7 21. Rf4 c5 22. Bd5 b6 (22... Re8 $11) 23. Ne2 $1 $14 {[%cal Re2d4]} Be6 ({Wrong is} 23... g6 $2 24. Qxh6 Qe7 25. Nxd4 $18) 24. Nxd4 Bxd5 25. Qxd5 Qxd5 26. cxd5 {Hoping for Nc6.} cxd4 27. Rxd4 {[%mdl 4096] Endgame KR-KR} Kf8 28. Kg2 Ke7 29. Kf3 Kd6 30. Rf4 f6 31. Rg4 Rb7 32. Ke4 Re7+ (32... h5 $1 $11 {remains equal.} 33. Rg6 Kc5) 33. Kd4 $16 Re5 34. Rxg7 Rxd5+ 35. Kc3 Ke6 36. Rg4 h5 {[#]} 37. Re4+ $1 Kf5 38. Rf4+ (38. a4 $142) 38... Ke6 {[#]} 39. d4 $1 {[%cal Bd3d4,Bd4d5][%mdl 32]} Rg5 40. g4 hxg4 41. hxg4 Rb5 (41... b5 $16 42. Kd3 Ke7) 42. a4 $18 Rd5 43. Kc4 {Black must now prevent Rxf6+.} Rd8 $2 {[#]} (43... Rg5 {might work better.} 44. d5+ Kd7) 44. d5+ $1 {[%mdl 512]} Ke7 (44... Rxd5 45. Rxf6+) 45. Re4+ Kd7 $2 (45... Kf7 46. b3 Rc8+ 47. Kb5 Rc5+ 48. Kxb6 Rxd5) 46. Kb5 Rg8 47. Rf4 Rg6 48. b3 Kc7 49. Ka6 Kd7 50. Kb7 f5 51. gxf5 {[%cal Bg4f5,Bf5f6][%mdl 32]} Rf6 52. Rf3 Kd8 53. Ka6 Rd6 54. f6 {White mates.} Ke8 55. Rf5 Kf7 56. Kb7 Rd8 57. Kc7 Rh8 58. d6 Ke6 59. Rf3 Kd5 {Precision: White = 69%, Black = 33%.} 1-0

[Event "ITA-ch Women 2017"]
[Site "Cosenza"]
[Date "2017.12.07"]
[Round "4"]
[White "Brunello, Marina"]
[Black "Di Benedetto, Desiree"]
[Result "1-0"]
[WhiteElo "2345"]
[BlackElo "2092"]
[Annotator "TA"]
[PlyCount "57"]
[EventDate "2017.??.??"]
[EventType "tourn"]
[EventCountry "ITA"]
[SourceTitle "playchess.com"]
[Source "ChessBase"]
[SourceQuality "1"]

{[%evp 18,57,37,35,36,48,43,42,57,58,55,55,50,56,49,46,54,28,87,96,85,91,97,81,114,118,267,283,363,358,521,522,520,502,506,497,484,496,461,457,533,520]} 1. e4 c5 2. Nf3 Nc6 3. d4 cxd4 4. Nxd4 e6 5. Nc3 Qc7 6. Be3 a6 7. Be2 b5 8. Nxc6 dxc6 {B49: Sicilian: Taimanov: 5 Nc3 Qc7 6 Be3 a6 7 Be2} 9. f4 Bb7 10. Bf3 {LiveBook: 5 Games} Be7 {White is slightly better.} 11. e5 $146 ({Predecessor:} 11. Qe2 Rd8 12. O-O e5 13. f5 Nf6 14. g4 h6 15. h4 b4 16. Nb1 {0-1 (46) Riazantsev,A (2692)-Grachev,B (2661) Vladivostok 2014}) 11... Nh6 12. Ne4 Nf5 13. Bc5 $1 Rd8 14. Qe2 Bxc5 15. Nxc5 Nd4 16. Qf2 {aiming for 0-0-0.} Nxf3+ 17. gxf3 Rd5 (17... O-O $11 {remains equal.}) 18. Rg1 $16 Kf8 19. Rd1 Bc8 20. b4 Qd8 {[#]} 21. Ke2 $1 ({Reject} 21. Rxd5 $6 exd5 22. a4 bxa4 $11) 21... f6 (21... f5 $16) 22. Ne4 fxe5 {[#]} 23. Qc5+ $1 {[%mdl 512]} Qe7 (23... Kg8 $142 24. fxe5 (24. Qxc6 exf4 25. Nf6+ Kf7 $18) 24... g6 25. Nf6+ (25. Qxc6 Kg7 $16) 25... Kf7 26. Nxd5 cxd5) (23... Rxc5 24. Rxd8+) 24. Qxe7+ $18 {White is clearly winning.} Kxe7 25. Rxg7+ Kd8 26. fxe5 Rxd1 27. Kxd1 h5 28. h4 Bd7 29. Nf6 {Precision: White = 93%, Black = 43%.} 1-0

[Event "ITA-ch Women 2017"]
[Site "Cosenza"]
[Date "2017.12.07"]
[Round "4"]
[White "Gueci, Tea"]
[Black "Movileanu, Daniela"]
[Result "1/2-1/2"]
[WhiteElo "2158"]
[BlackElo "2191"]
[Annotator "TA"]
[PlyCount "153"]
[EventDate "2017.??.??"]
[EventType "tourn"]
[EventCountry "ITA"]
[SourceTitle "playchess.com"]
[Source "ChessBase"]
[SourceQuality "1"]

{[%evp 27,153,11,20,12,21,19,21,-20,-8,-8,-7,-16,0,-10,-6,-7,-7,-10,-9,-15,-17,-49,-50,-114,-38,-92,-38,-37,-44,-45,-12,-18,-12,-17,-16,-50,-50,-101,-97,-103,-93,-102,-38,-97,-77,-67,-46,-227,-228,-223,-220,-214,-219,-204,-196,-189,-130,-124,-132,-121,-121,-219,-215,-249,-221,-388,-384,-381,-381,-369,-318,-310,-300,-388,-381,-358,-206,-195,-40,-40,-44,-37,-30,-30,-30,-30,-30,-30,-30,-62,-30,-30,-30,-30,-30,-30,-30,-30,-30,-30,0,-30,0,-30,0,-30,-30,-30,-30,-30,-30,-30,-30,-30,-30,-30,-24,-24,-24,-24,-24,-24,-24,-24,-24,-24,-24,-24]} 1. e4 c5 2. Nf3 g6 3. d4 cxd4 4. Nxd4 Nc6 5. c4 Nf6 6. Nc3 d6 7. Be2 Nxd4 8. Qxd4 Bg7 9. Be3 O-O 10. Qd2 a5 {[%cal Ba7a5,Ba5a4][%mdl 32] B36: Sicilian: Maroczy Bind: Gurgenidze System} 11. O-O (11. Rc1 a4 12. f3 Be6 13. Nb5 Nd7 14. O-O Qa5 15. Rfd1 Rfc8 16. Nd4 Nc5 17. Qxa5 Rxa5 18. Nxe6 Nxe6 {½-½ (30) Kuzubov,Y (2690)-Mamedov,R (2678) Heraklio 2017}) 11... a4 12. Rab1 Qa5 13. f3 Be6 14. Rfc1 Rfc8 {LiveBook: 63 Games} 15. b4 axb3 $1 16. axb3 Qb4 17. Na4 Qxd2 18. Bxd2 Nd7 $146 19. Be3 Rc6 20. f4 Nf6 21. Nc3 Ng4 22. Bxg4 Bxg4 23. Nd5 Kf8 24. Rc2 Be6 25. b4 {[#]} (25. Rd2 $15) 25... Ra3 (25... b5 $1 $17 {[%mdl 512]} 26. Re2 (26. cxb5 Rxc2) 26... Bxd5 27. cxd5 Rc4) 26. Kf2 {[#]} ({Only move:} 26. b5 $1 $15 Rc8 27. Kf2) 26... f5 (26... b5 $1 $17 {[%mdl 512]} 27. Rbc1 (27. cxb5 Rxc2+) 27... Rxc4 28. Rxc4 bxc4) 27. b5 $15 Rc8 28. Nb6 Re8 ({Not} 28... fxe4 29. Nxc8 Bxc8 30. c5 $16) 29. c5 $1 dxc5 30. e5 {[#]} g5 $1 {[%mdl 512]} 31. g3 (31. fxg5 Bxe5) 31... gxf4 32. gxf4 (32. Bxf4 $15 Rd8 33. Rxc5) 32... Rd8 $1 $17 33. Bxc5 {[#]} Rh3 $1 {[%cal Rh3h2]} 34. Kg2 Rhd3 (34... Rh4 $17 35. Be3 Bh6) 35. Bf2 (35. Kf2 $15) 35... Bh6 $36 {[%mdl 2048] White is under strong pressure.} 36. Rb4 Bb3 37. Rc8 $2 (37. Rc7 $15) 37... Rxc8 38. Nxc8 Bd5+ 39. Kf1 Rf3 40. Nb6 Be4 41. Nd7+ Kg8 ({Black should play} 41... Ke8 $19 42. Nc5 Bd5) 42. Nc5 Bd5 43. Rd4 e6 44. Nd7 (44. b6 $17) 44... Rxf4 ({Don't play} 44... Bxf4 45. Ke2 $17) 45. Nf6+ Kf7 46. Nxh7 $2 (46. b6) 46... Bc4+ $19 47. Kg2 Rxd4 48. Bxd4 Bxb5 {[%mdl 4096] Endgame KBB-KBN} 49. h4 {If only White now had time for Ng5+....} Kg6 50. Nf6 Bc6+ 51. Kg3 f4+ (51... b5 $142 52. h5+ Kg7) 52. Kg4 {[#]} Ba4 $2 (52... f3 $1 $19 {Hoping for ...b5.} 53. Bb6 Bd2) 53. h5+ $1 $15 Kf7 54. Ne4 Bc6 (54... Kg8 {keeps more tension.} 55. Bb6 Bc6 56. Ng5 Bb5 57. Kh4 Bc4) 55. Ng5+ Bxg5 56. Kxg5 $11 {KB-KB} f3 57. Bb6 Kg7 58. h6+ Kh7 59. Kh5 Be4 60. Kg5 Bd5 61. Kh5 Bb3 62. Kg5 Bd1 63. Kf6 $1 Bb3 64. Kg5 $1 Bd5 65. Kh5 $1 Be4 66. Kg5 Bg6 {Black has an edge.} 67. Kf4 Kxh6 {And now ...Bh5 would win.} 68. Kxf3 Kg5 69. Ke3 Kf5 70. Kd4 Kf4 71. Bc7 b5 72. Kc5 Bd3 73. Kb4 Ke4 74. Kc5 $1 Bc4 75. Bd6 Kd3 76. Kb4 Kd4 77. Bb8 {Precision: White = 60%, Black = 59%.} 1/2-1/2

[Event "ITA-ch Women 2017"]
[Site "Cosenza"]
[Date "2017.12.07"]
[Round "4"]
[White "Santeramo, Alessia"]
[Black "Palma, Maria"]
[Result "1-0"]
[WhiteElo "2082"]
[BlackElo "2019"]
[Annotator "NA RC"]
[PlyCount "81"]
[EventDate "2017.??.??"]
[EventType "tourn"]
[EventCountry "ITA"]
[SourceTitle "playchess.com"]
[Source "ChessBase"]
[SourceQuality "1"]
[TimeControl "40/6000+30:20/3000+30:900+30"]

{[%evp 8,81,7,0,8,32767,32767,-14,32767,-6,0,1,0,0,0,0,32767,32767,32767,-50,-19,-80,-72,-86,-70,-110,-133,-139,-125,-183,-137,32767,-127,32767,32767,32767,32767,32767,32767,32767,32767,32767,32767,32767,32767,-228,-221,-384,-120,-98,-88,-91,-101,32767,32767,32767,32767,32767,32767,32767,-21,32767,32767,-99,-21,-96,127,125,151,114,691,786,641,32767,882,1195]} 1. e4 c5 2. Nf3 e6 3. g3 Nc6 4. Bg2 Nf6 5. Qe2 {B40: Sicilian: 2...e6, Unusual lines} e5 {LiveBook: 128 Games} 6. c3 (6. O-O Be7 7. c3 d6 8. Na3 O-O 9. Nc2 Re8 10. Rd1 Bf8 11. d3 b5 12. a4 b4 13. cxb4 cxb4 {0-1 (23) Vachier Lagrave,M (2795)-Grischuk,A (2750) chess.com INT 2017}) 6... Be7 7. Na3 O-O 8. d3 h6 9. Nc4 d6 10. a4 Re8 11. O-O Bf8 12. Ne3 $146 ({Predecessor:} 12. h3 Be6 {½-½ (36) Kveinys,A (2548)-Mihok,O (2534) Suwalki 2017}) 12... Be6 13. Ne1 d5 14. f4 d4 15. f5 Bb3 16. Ng4 {[#]} c4 $1 17. Nxf6+ Qxf6 18. Qh5 Rad8 19. g4 g6 20. fxg6 Qxg6 21. Qh3 Re6 22. Rf5 dxc3 23. bxc3 cxd3 24. Nf3 Red6 25. Bd2 Be6 26. Nh4 (26. Nxe5 $142 Nxe5 27. Rxe5) 26... Qg7 27. Raf1 (27. Bf3 {was necessary.}) 27... Bxf5 $2 (27... Na5 $19 {has better winning chances.} 28. R5f2 Bxg4) 28. Nxf5 Qg6 29. Nxd6 Rxd6 30. Rf5 Bg7 31. g5 hxg5 32. Rxg5 Qe6 33. Qg3 Qf6 34. h4 Kf8 35. Rf5 {[#]} Qg6 (35... Qe6 $1 $17 36. Bh3 Ne7) 36. Qf2 (36. Qxg6 $1 $11 Rxg6 37. Rf3) 36... Rf6 $2 (36... Ne7 $17 {und es läuft.} 37. Rg5 Qe6 38. Qxa7 Nc6) 37. h5 Qg4 38. h6 $1 ({Worse is} 38. Rxf6 Bxf6 39. Qf3 Qxf3 $15) 38... Bh8 $18 (38... Rxh6 $16 39. Bxh6 (39. Rxf7+ Ke8 $16) 39... Bxh6 40. Rxf7+ Ke8 41. Rxb7 Qd1+ 42. Bf1 Qg4+ 43. Qg2 Be3+ 44. Kh1 Qh5+ 45. Qh3 Qxh3+ 46. Bxh3 Na5) 39. Rxf6 Bxf6 40. Qxf6 Qd1+ 41. Kh2 1-0

[Event "ITA-ch Women 2017"]
[Site "Cosenza"]
[Date "2017.12.08"]
[Round "5"]
[White "Sedina, Elena"]
[Black "Santeramo, Alessia"]
[Result "0-1"]
[WhiteElo "2312"]
[BlackElo "2082"]
[Annotator "TA"]
[PlyCount "62"]
[EventDate "2017.??.??"]
[EventType "tourn"]
[EventCountry "ITA"]
[SourceTitle "playchess.com"]
[Source "ChessBase"]
[SourceQuality "1"]

{[%evp 23,62,4,1,0,15,21,13,0,0,-19,-6,-22,0,-2,12,-76,-72,-164,-145,-180,-184,-194,-193,-187,-121,-126,-80,-214,-215,-229,-222,-281,-264,-371,-361,-367,-313,-358,-357,-360,-312]} 1. e4 c5 2. Nf3 d6 3. d4 cxd4 4. Qxd4 Nc6 5. Bb5 a6 6. Bxc6+ bxc6 7. c4 e5 8. Qd3 Nf6 9. Nc3 Qc7 10. O-O Be7 11. Rd1 {B51: Sicilian: Moscow Variation (3 Bb5+) without 3...Bd7} O-O 12. Bg5 Rd8 {LiveBook: 6 Games} 13. Rac1 {[#] The position is equal.} Bg4 $146 ({Predecessor:} 13... h6 14. Bh4 Bg4 15. h3 Bh5 16. b3 Nh7 17. Bxe7 Qxe7 18. Re1 Nf8 {0-1 (53) Hasangatin,R (2509)-Moiseenko,A (2692) Berlin 2015}) 14. h3 {And now Bxf6 would win.} Bh5 15. Re1 h6 16. Bd2 Rab8 {next ...Bxf3 is good for Black.} 17. b4 Qd7 18. a3 Qe6 19. Qe3 (19. Nh4 $11 {keeps the balance.}) 19... Qxc4 $17 20. Qa7 (20. Nb1 $17 Qb5 21. Nh4) 20... Qe6 $1 $36 {[%mdl 2048] Black has strong initiative.} 21. Nh4 d5 22. Nf5 Bf8 23. Ng3 {[#]} Ra8 (23... Bg6 $1 $19 {...d4 is the strong threat.} 24. Qxa6 Ra8) 24. Qb6 $17 dxe4 25. Nxh5 (25. Ncxe4 $17 Nxe4 26. Nxe4) 25... Nxh5 $19 26. Nxe4 {[#]} f5 $1 27. Rxc6 Qd5 28. Rxh6 (28. Bxh6 $142 fxe4 29. Bg5) 28... gxh6 29. Qg6+ Bg7 30. Qxf5 Qf7 31. Qg4 {and the idea Bxh6 leaves White hopeful.} Nf6 {Precision: White = 29%, Black = 55%.} 0-1

[Event "ITA-ch Women 2017"]
[Site "Cosenza"]
[Date "2017.12.08"]
[Round "5"]
[White "Movileanu, Daniela"]
[Black "Brunello, Marina"]
[Result "0-1"]
[WhiteElo "2191"]
[BlackElo "2345"]
[Annotator "TA"]
[PlyCount "114"]
[EventDate "2017.??.??"]
[EventType "tourn"]
[EventCountry "ITA"]
[SourceTitle "playchess.com"]
[Source "ChessBase"]
[SourceQuality "1"]

{[%evp 21,114,-10,23,7,14,18,20,18,15,-88,-64,-58,0,0,0,-24,-19,-37,34,4,56,62,89,45,58,24,29,11,16,-33,-29,-112,-91,-238,-220,-278,-286,-268,-200,-167,-50,-64,-23,-219,-222,-221,-208,-207,-94,-112,-38,-257,-241,-223,-49,-44,0,-133,-113,-131,-134,-130,-134,-132,-127,-154,-150,-172,-197,-589,-608,-464,-606,-593,-592,-685,-683,-683,-631,-884,-846,-1129,-1129,-1080,-1060,-4133,-2250,-1272,-935,-922,-651,-952,-554,-480,-444]} 1. e4 c5 2. Nf3 d6 3. d4 cxd4 4. Nxd4 Nf6 5. Nc3 a6 6. Bg5 Nbd7 7. Bc4 Qb6 {B94: Sizilianisch (Najdorf-Variante mit 6.Lg5)} 8. Bb3 e6 9. Qd2 Be7 10. O-O-O Nc5 11. f3 O-O {LiveBook: 4 Partien} 12. g4 Qc7 13. Kb1 b5 {[%cal Bb7b5,Bb5b4][%mdl 32]} 14. h4 Bd7 {[#]} 15. Qe3 $146 (15. a3 $1 $11) ({Vorgänger:} 15. a3 Nxb3 16. cxb3 {1-0 (34) Perunovic,M (2696)-Kovacevic,A (2629) Belgrade 2014}) 15... b4 16. Nce2 Nxb3 (16... a5 $15) 17. cxb3 $11 a5 18. Ng3 (18. Rc1 $5 {[%cal Rc1c7]} Qb7 19. Ng3 $11) 18... a4 19. bxa4 Bxa4 (19... Rxa4 $15 20. b3 Ra3) 20. b3 $1 $14 Be8 (20... Bd7 $11) 21. Rh2 Bd8 22. Rg2 Bd7 23. Nh5 Ne8 $1 {Mit der Idee ...f6.} 24. Bxd8 Qxd8 25. g5 g6 26. Ng3 (26. Nf6+ $1 $11 {bleibt in der Remisbreite.} Nxf6 27. gxf6 Qxf6 28. Qg5 Qxg5 29. hxg5) 26... e5 $17 27. Nc2 (27. Nde2 $17) 27... Qa5 $19 28. Ne1 Nc7 29. Rxd6 Be6 30. Qb6 Nb5 ({Besser ist} 30... Qa3 $1 $19 31. Nd3 (31. Qxc7 Bxb3 32. Rd3 Bxa2+ 33. Kc2 Bb1+ 34. Kxb1 Qa1+ 35. Kc2 b3+ 36. Kxb3 Rfc8 $19) 31... Bxb3 $1 {[%mdl 512]}) 31. Qxa5 $15 Rxa5 32. Rdd2 $2 (32. Rd3 $1 $11 {und Weiss ist OK.}) 32... Nc3+ $19 33. Ka1 Bxb3 $1 {Droht ...Ta3 und aus.} 34. Nd3 Rc8 (34... Rb8 $19 {bietet bessere Gewinnchancen.} 35. Nxe5 Rxe5 36. axb3 Ra8+ 37. Kb2 Rc5) 35. Nxb4 $17 Nd1 (35... Ra4 $17 36. Rb2 Rxb4 37. Rxb3 Rxb3 38. axb3 Ra8+ 39. Kb2 Ra2+ 40. Kxc3 Rxg2) 36. Nd3 $2 (36. Ne2 $15) 36... Ne3 $19 37. Rh2 {[#]} Bc2 $2 ({Lieber} 37... Nc4 $1 $19 {Und weiter mit ...Td8 wäre nett.} 38. Rdf2 Rd8) 38. Nb4 {[%cal Rb4c2]} Bb3 39. Rd3 (39. Nd3 $11) 39... Nc2+ $17 40. Nxc2 Rxa2+ 41. Kb1 Raxc2 42. Rhd2 h5 43. Ne2 Kg7 44. Rd6 Ba4 {Und ...Tb8+ würde nun gewinnen.} 45. R6d5 $2 (45. Ka1 {ist zäher.}) 45... Rb8+ $19 {Schwarz steht klar auf Gewinn.} 46. Ka1 {beabsichtigt Txc2.} Rbb2 47. Rxc2 Rxc2 48. Ra5 Rxe2 49. Rxa4 {[%mdl 4096] Endspiel KT-KT} Rh2 50. Ra5 Rxh4 51. Rxe5 Rf4 52. Kb2 h4 {[%cal Bh5h4,Bh4h3][%mdl 32]} 53. Kc2 h3 54. Ra5 Rxf3 55. Ra1 Re3 56. Rh1 Rxe4 57. Rxh3 Rg4 {Precision: Weiß = 32%, Schwarz = 54%.} 0-1